Pokemon Moves Starting with the Letter I, J, K - Statistics

General Stats
  • This quiz has been taken 134 times
    92 since last reset
  • The average score is 28 of 33
Answer Stats
Type Phys/Spec/Status Special Effect Answer % Correct
Ice - I Special May freeze foe Ice Beam
98%
Steel - I Status Raises users Def. 2 stages Iron Defense
98%
Ice - I Special Lowers foe Speed Icy Wind
96%
Grass - I Status User regains HP each turn and cannot switch out Ingrain
96%
Ice - I Physical May make foe flinch Icicle Crash
94%
Steel - I Physical May make foe flinch Iron Head
94%
Varies - J Special Type depends on Plate user is holding. Signature of Arceus Judgement
94%
Fighting - J Physical User takes recoil damage if move misses Jump Kick
94%
Steel - K Status Protects from all moves and lowers Atk. of pokemon who makes contact by two stages. Signature of Aegislash King's Shield
94%
Ice - I Physical May freeze foe Ice Punch
92%
Fire - I Special Foes item (berries etc.) gets burned up Incinerate
92%
Fire - I Special Always burns foe Inferno
92%
Ice -I Physical High priority move Ice Shard
90%
Ice - I Physical Hits 2-5 times Icicle Spear
90%
Bug - I Special Traps foe for 2-5 turns and deals 1/8 HP damage each turn Infestation
90%
Ice - I Special May burn foe Ice Burn
88%
Ice - I Physical May make foe flinch or freeze Ice Fang
88%
Psychic - I Special Prevents foe from using moves known by the user Imprison
88%
Ice - I Physical Doubles in power each successful turn Ice Ball
85%
Psychic - K Special Lowers foe Accuracy Kinesis
83%
Steel - I Physical May lower foe Def. Iron Tail
81%
Dark - K Physical Removes item from foe and deal extra damage if holding one Knock Off
81%
Water - J Physical Has increased priority. Signature of Palafin Jet Punch
75%
Ice - I Physical Removes terrain on field Ice Spinner
73%
Electric - I Status Normal moves become electric type Ion Deluge
73%
Dark - K Physical Bypasses accuracy check. Signature of Kingambit Kowtow Cleave
73%
Psychic - I Status Foe immediately uses last used move. Signature of Oranguru Instruct
71%
Grass - I Physical Changes type based on Ogerpon's held mask Ivy Cudgel
71%
Fighting - K Physical High Crit. Rate Karate Chop
71%
Ice - I Physical Lowers users Speed Ice Hammer
69%
Grass - J Status Heals user and allies 25%, as well as status conditions.Signature of Zarude Jungle Healing
69%
Ghost - I Special 30% Chance to Burn. Signature of Hisuian Typhlosion Infernal Parade
63%
Dark - J Physical Prevents foe from switching out Jaw Lock
50%
No matching quizzes found
Score Distribution
Percent of People with Each Score
Percentile by Number Answered
Your Score History
You have not taken this quiz since the last reset